| Tag |
First Indicator |
Second Indicator |
Subfields |
| LEADER |
00000cam a2200000Ii 4500 |
| 001 |
in00004077458 |
| 006 |
m o d |
| 007 |
cr cnu---unuuu |
| 008 |
190510s2019 mau ob 001 0 eng d |
| 005 |
20221130134254.6 |
| 020 |
|
|
|a 9780674240377
|q (electronic bk.)
|
| 020 |
|
|
|a 0674240375
|q (electronic bk.)
|
| 020 |
|
|
|z 9780674919341
|
| 020 |
|
|
|z 0674919343
|
| 024 |
8 |
|
|a 99981764777
|
| 035 |
|
|
|a (NhCcYBP)ebc5754658
|
| 035 |
|
|
|a in00004077458
|
| 040 |
|
|
|a NhCcYBP
|c NhCcYBP
|d UtOrBLW
|
| 043 |
|
|
|a n-us---
|
| 050 |
|
4 |
|a Q183.3.A1
|b R828 2019
|
| 072 |
|
7 |
|a SCI
|x 063000
|2 bisacsh
|
| 082 |
0 |
4 |
|a 507.1/273
|2 23
|
| 100 |
1 |
|
|a Rudolph, John L.,
|d 1964-
|e author.
|0 http://id.loc.gov/authorities/names/n2001016090
|
| 245 |
1 |
0 |
|a How we teach science :
|b what's changed, and why it matters /
|c John L. Rudolph.
|
| 264 |
|
1 |
|a Cambridge, Massachusetts :
|b Harvard University Press,
|c 2019.
|
| 300 |
|
|
|a 1 online resource.
|
| 336 |
|
|
|a text
|b txt
|2 rdacontent
|
| 337 |
|
|
|a computer
|b c
|2 rdamedia
|
| 338 |
|
|
|a online resource
|b cr
|2 rdacarrier
|
| 504 |
|
|
|a Includes bibliographical references and index.
|
| 505 |
0 |
|
|a From textbook to laboratory -- The laboratory in practice -- Student interest and the new movement -- The scientific method -- Problems and projects -- The war on method -- Origins of inquiry -- Scientists in the classroom -- Project 2061 and the nature of science -- Science in the standards era.
|
| 588 |
0 |
|
|a Description based on online resource; title from PDF title page (EBSCO, viewed April 22, 2019).
|
| 500 |
|
|
|a Electronic resource.
|
| 650 |
|
0 |
|a Science
|x Study and teaching (Secondary)
|z United States
|x History.
|
| 650 |
|
0 |
|a Science
|x Methodology
|x Study and teaching (Secondary)
|z United States
|x History.
|
| 650 |
|
0 |
|a Education
|x Social aspects
|z United States
|x History.
|0 http://id.loc.gov/authorities/subjects/sh2009102487
|
| 655 |
|
7 |
|a Electronic books.
|2 local
|
| 710 |
2 |
|
|a ProQuest (Firm)
|0 http://id.loc.gov/authorities/names/n2007068018
|
| 856 |
4 |
0 |
|u https://ebookcentral.proquest.com/lib/tamucs/detail.action?docID=5754658
|z Connect to the full text of this electronic book
|t 0
|
| 945 |
|
|
|a machinegen
|
| 955 |
|
|
|a YBP purchased DDA e-records
|
| 980 |
|
|
|b 93.00
|g 1
|
| 987 |
|
|
|a ybp15978302
|
| 999 |
f |
f |
|s 6e8295b3-9778-4aca-8114-2eff789ca57e
|i e49d1829-7fc4-3c99-88ac-7dfbaa86b459
|t 0
|
| 952 |
f |
f |
|a Texas A&M University
|b College Station
|c Electronic Resources
|d Available Online
|t 0
|e Q183.3.A1 R828 2019
|h Library of Congress classification
|
| 998 |
f |
f |
|a Q183.3.A1 R828 2019
|t 0
|l Available Online
|